000 01741nam a2200481 i 4500
001 15504
003 KOSZ 005
005 20200630110537.0
008 200417s1973 pl a f 001 0 pol
015 _aUWD 1973/5034
035 _a991033383619705066
035 _a(PL-WaBN)b18940869-48omnis_nlop
035 _ab18940869
035 _a(OCoLC)831176349
035 _a(PL)b0000001894086
035 _a(EXLNZ-48OMNIS_NETWORK)9910201318405606
040 _aWA N
_cWA N
_dKOSZ 005/RW
046 _k1973
080 _a629.33.02
100 1 _aStudziński, Kazimierz
_eAutor
245 1 0 _aTeoria, konstrukcja i obliczanie samochodu /
_cKazimierz Studziński.
260 _aWarszawa :
_bWydawnictwa Naukowo Techniczne,
_c1973.
300 _a834, [2] strony :
_bilustracje ;
_c25 cm.
336 _aTekst
_btxt
_2rdacontent
337 _aBez urządzenia pośredniczącego
_bn
_2rdamedia
338 _aWolumin
_bnc
_2rdacarrier
380 _aKsiążki
380 _aPublikacje fachowe
380 _aPublikacje dydaktyczne
388 _a1901-2000
388 _a1945-1989
504 _aBibliografia na stronach 817-[818] oraz przy rozdziałach. Indeks.
521 8 _aKsiążka jest przeznaczona dla inżynierów oraz studentów specjalności samochodowej wydziałów mechanicznych Wyższych Szkół Technicznych.
650 7 _aSamochody
_2DBN
650 7 _aProjektowanie
650 7 _aBudowa i konstrukcje
655 7 _aPodręcznik
658 _aInżynieria i technika
710 2 _aWydawnictwa Naukowo-Techniczne
_4pbl
856 _uhttp://koha.tu.koszalin.pl/cgi-bin/koha/opac-detail.pl?biblionumber=15504
_yKatalog online BPK
942 _2UKD
_cKS
999 _c15504
_d15504